000 01082nam a2200277Ia 4500
003 OSt
005 20221005112019.0
006 a|||||r|||| 00| 0
007 ta
008 221004b |||||||| |||| 00| 0 san d
020 _a9789381189467 (pbk)
_cINR 300.00
024 _a36360
037 _b274, 10/03/2018, Bharatiya Book Corporation
_cTextual
040 _aCRL
_cCRL
_bsan
041 _2san
_asan
082 _aP15,Cx1,1,6, 152Q6
100 _aवरदराज
245 0 _aलघुसिद्धान्तकौमुदी
246 _aLaghusiddhāntakaumudī
260 _aवाराणसी
_bभारतीय विद्या संस्थान भारत
_c2016
300 _a672पृ0
_ccm.
650 _aभाषाशास्त्र
700 _a पाण्डेय, रमाकान्त, अनु.
942 _hP15,Cx1,1,6, 152Q6
_cTEXL
_2cc
999 _c1023564
_d1023564